Riemannian geometry /
Guardado en:
| Autor Principal: | |
|---|---|
| Formato: | Libro |
| Idioma: | English |
| Publicado: |
Princeton :
Princeton University Press,
1949, [c1926]
|
| Edición: | 2nd corr. printing |
| Etiquetas: |
Agregar Etiqueta
Sin Etiquetas, Sea el primero en etiquetar este registro!
|
| LEADER | 00614nam a22001815a 4500 | ||
|---|---|---|---|
| 001 | MAT.inmabb000310 | ||
| 008 | 031209t19491926nju###########001#0#eng#d | ||
| 005 | 20110228161850.0 | ||
| 245 | 1 | 0 | |a Riemannian geometry / |c by Luther Pfahler Eisenhart. |
| 250 | |a 2nd corr. printing | ||
| 260 | |a Princeton : |b Princeton University Press, |c 1949, [c1926] | ||
| 300 | |a vii, 306 p. ; |c 24 cm. | ||
| 504 | |a Bibliografía: p. [289]-300. | ||
| 510 | 4 | |a MR, |c 11,687g | |
| 100 | 1 | |a Eisenhart, Luther Pfahler, |d 1876-1965. | |
| 084 | |a 53 |2 msc2000 | ||
| 859 | |h 53 |i Ei36r |p A-49 |b BIB. MATEMATICA | ||
| 859 | |h 53 |i Ei36r |p A-3383 |t Ej. 2 |b BIB. MATEMATICA | ||
